000
00214nam a2200097Ia 4500
008
240625s9999 xx 000 0 und d
041
_a
eng
100
_a
PC QUEST
245
_a
8 5 GB P C Q XTREME DVD
260
_c
2007
999
_c
33625
_d
33625